LEADER 00879nam2-2200301---450- 001 990009798660403321 005 20131203152005.0 035 $a000979866 035 $aFED01000979866 035 $a(Aleph)000979866FED01 035 $a000979866 100 $a20131203d1950----km-y0itay50------ba 101 0 $afre 102 $aFR 105 $a--------001yy 200 1 $a<<2.: >>Cinétique, thermodynamique, équilibres$fpar Paul Pascal 210 $aParis$cMasson et C.ie$d1950 215 $a464 p.$d25 cm 461 0$1001000979864$12001$aChimie générale$v2 610 0 $aChimica generale 700 1$aPascal,$bPaul Victor Henry$f<1880-1968>$0424095 801 0$aIT$bUNINA$gRICA$2UNIMARC 901 $aBK 912 $a990009798660403321 952 $aL 3/27$b0193$fDINGE 959 $aDINGE 996 $aCinétique, thermodynamique, équilibres$9837344 997 $aUNINA LEADER 03365nam 22007095 450 001 9910337561503321 005 20251225190455.0 010 $a3-030-18293-2 024 7 $a10.1007/978-3-030-18293-9 035 $a(CKB)4100000007992509 035 $a(DE-He213)978-3-030-18293-9 035 $a(MiAaPQ)EBC5925274 035 $a(PPN)235668923 035 $a(EXLCZ)994100000007992509 100 $a20190417d2019 u| 0 101 0 $aeng 135 $aurnn|008mamaa 181 $ctxt$2rdacontent 182 $cc$2rdamedia 183 $acr$2rdacarrier 200 10$aInformation Technology in Disaster Risk Reduction $eSecond IFIP TC 5 DCITDRR International Conference, ITDRR 2017, Sofia, Bulgaria, October 25-27, 2017, Revised Selected Papers /$fedited by Yuko Murayama, Dimiter Velev, Plamena Zlateva 205 $a1st ed. 2019. 210 1$aCham :$cSpringer International Publishing :$cImprint: Springer,$d2019. 215 $a1 online resource (XII, 203 p. 88 illus., 59 illus. in color.) 225 1 $aIFIP Advances in Information and Communication Technology,$x1868-422X ;$v516 311 08$a3-030-18292-4 330 $aThis volume constitutes the refereed post-conference proceedings of the Second IFIP TC 5 DCITDRR International Conference on Information Technology in Disaster Risk Reduction, ITDRR 2017, held in Sofia, Bulgaria, in October 2017. The 16 revised full papers presented were carefully reviewed and selected from 43 submissions. The papers focus on various aspects and challenges of coping with disaster risk reduction. The main topics include areas such as natural disasters, big data, cloud computing, Internet of Things, mobile computing, emergency management, disaster information processing, and disaster risk assessment and management. 410 0$aIFIP Advances in Information and Communication Technology,$x1868-422X ;$v516 606 $aApplication software 606 $aCoding theory 606 $aInformation theory 606 $aArtificial intelligence 606 $aSocial sciences$xData processing 606 $aEducation$xData processing 606 $aComputer and Information Systems Applications 606 $aCoding and Information Theory 606 $aArtificial Intelligence 606 $aComputer Application in Social and Behavioral Sciences 606 $aComputers and Education 615 0$aApplication software. 615 0$aCoding theory. 615 0$aInformation theory. 615 0$aArtificial intelligence. 615 0$aSocial sciences$xData processing. 615 0$aEducation$xData processing. 615 14$aComputer and Information Systems Applications. 615 24$aCoding and Information Theory. 615 24$aArtificial Intelligence. 615 24$aComputer Application in Social and Behavioral Sciences. 615 24$aComputers and Education. 676 $a300.285 676 $a353.950285 702 $aMurayama$b Yuko$4edt$4http://id.loc.gov/vocabulary/relators/edt 702 $aVelev$b Dimiter$4edt$4http://id.loc.gov/vocabulary/relators/edt 702 $aZlateva$b Plamena$4edt$4http://id.loc.gov/vocabulary/relators/edt 801 0$bMiAaPQ 801 1$bMiAaPQ 801 2$bMiAaPQ 906 $aBOOK 912 $a9910337561503321 996 $aInformation Technology in Disaster Risk Reduction$92834273 997 $aUNINA LEADER 04672oam 2200781 c 450 001 9910978265903321 005 20260302090207.0 010 $a9783839467466 010 $a3839467462 024 7 $a10.1515/9783839467466 035 $a(OCoLC)1397514308 035 $a(MiAaPQ)EBC7286453 035 $a(CKB)28162950300041 035 $a(Au-PeEL)EBL7286453 035 $a(DE-B1597)651782 035 $a(DE-B1597)9783839467466 035 $a(Perlego)3850048 035 $a(transcript Verlag)9783839467466 035 $a(EXLCZ)9928162950300041 100 $a20260302d2023 uy 0 101 0 $aeng 135 $aurcnu|||||||| 181 $ctxt$2rdacontent 182 $cc$2rdamedia 183 $acr$2rdacarrier 200 10$aArchitecture in Times of Multiple Crises$eEmbodied Utopianisms of Care and Radical Spatial Practice$fCarolina Crijns, Sabine Knierbein 205 $a1st ed. 210 $aBielefeld$ctranscript Verlag$d2023 215 $a1 online resource (201 pages) 225 0 $aArchitekturen 311 08$a9783837667462 311 08$a3837667464 320 $aIncludes bibliographical references. 327 $aCover -- Contents -- Abstract -- Preface -- 1 Introduction -- 1.1 Why (Utopianism of) Care? -- Research Diary Entry, 4th March 2022 -- 1.2 Methodology and Book Structure -- 1.3 Research Questions -- 2 Imagined Worlds -- 2.1 Transformative Utopianisms: Utopia as Method -- 2.2 Social Imaginaries -- 2.3 Spatial Imaginaries -- 3 Constructed Narratives -- 3.1 Unfulfilled Promises of Modernity -- 3.2 The Crisis Narrative -- 3.3 Transformation, Multiple Crises, and Truth Regimes -- 4 Linking Utopianism, Crisis, and Architecture -- 4.1 Crisis and Architecture: The Meaning of Architecture in Crisis Society -- 4.2 Architecture and Utopianism: Space and Projectivity -- 4.3 Utopianism and Crisis: Time and Emancipation -- 5 Space?Times of Control: Problem?Solving Utopianisms -- 5.1 Degenerate Utopias: Utopianism and the Disavowal of Crisis -- 5.2 Junkspace: Anti?Utopianism and Omni?Crisis -- 5.3 Techno?Utopias: Utopianism 'Solving' Crisis -- 6 Space?Times of Care: Question?Raising Utopianisms -- 6.1 Agency: Architecture's Political Dimension -- 6.2 Rethinking Architectural Education -- 6.3 Embodied Utopianisms of Care -- 7 Interpretation -- 7.1 Summary and Analysis -- Utopianism, Crisis, and Architecture: Society, Space, and Time -- Problem?Solving Utopianisms: Utopia as Form -- Crisis in Architecture in Crisis -- Question?Raising Utopianisms: Utopia as Method -- Final Notes -- 7.2 Conclusion -- 7.3 Revisited: Why Utopianism (of Care)? -- Research Diary Entry, 6th May 2022 -- Glossary -- Acknowledgements -- Bibliography. 330 $aUnder the premise that architecture makes life ?better?, architecture is often presented as the ?solution? to social problems, made ?green? when promising sustainable futures, or fetishised as a cultural object for the creation of urban identities. Yet, what is it exactly that links architecture so closely to the pursuit of a good life? How is this link interrelated with crisis and crisis thinking? To what extent do belief systems in architecture influence its capacity to deal with crises? Carolina Crijns not only explores the transformative potential in radically rethinking architecture's central concepts but introduces a method of utopian speculation for practices ambitious of social change.With a preface by Sabine Knierbein. 410 0$aArchitekturen (Bielefeld, Germany) ;$vv. 73. 517 2 $aCrijns, Architecture in Times of Multiple Crises$eEmbodied Utopianisms of Care and Radical Spatial Practice 606 $aArchitecture 606 $aCrisis 606 $aTransformation 606 $aPhilosophy 606 $aPolitical Science 606 $aCity 606 $aSociety 606 $aUrban Planning 606 $aSocial Geography 606 $aSocial Philosophy 615 4$aArchitecture 615 4$aCrisis 615 4$aTransformation 615 4$aPhilosophy 615 4$aPolitical Science 615 4$aCity 615 4$aSociety 615 4$aUrban Planning 615 4$aSocial Geography 615 4$aSocial Philosophy 676 $a720 700 $aCrijns$b Carolina$p
Carolina Crijns, Stadtforscherin, Deutschland
$4aut$01887481 702 $aKnierbein$b Sabine$pSabine Knierbein, Technische Universität Wien, Österreich
$4aui 801 0$bMiAaPQ 801 1$bMiAaPQ 801 2$bMiAaPQ 801 2$bUAB 906 $aBOOK 912 $a9910978265903321 996 $aArchitecture in Times of Multiple Crises$94524340 997 $aUNINA